000 00913nam0a22002531 4500
001 rc\2769284
005 20250806204146.0
035 _a(NLR Aleph) 006895683
090 _a26084
_c26084
100 _a20110915d1941 u y0rusy50 ca
101 0 _arus
102 _aRU
105 _aa z |||||
200 1 _aКраткое руководство по эксплоатации насосов Б-75 и Б-100
_fУпр. снабжения горючим Кр. Армии
210 _aМосква
_cВоениздат
_d1941
215 _a52 с., 1 вкл. л. черт.
_cил., черт.
_d21 см.
712 0 1 _aСССР
_bУправление снабжения горючим Кр. Армии
801 0 _aRU
_bNLR
_gpsbo
801 1 _aRU
_bELAR
_2rusmarc
852 _aNLR
_jТ14 Г-3/5
942 _cBOOK
945 _aРоссийская национальная библиотека
980 _aNB
980 _aBV